000 00331 a2200133 4500
082 _a306.09
090 _c6044
_d6044
100 _aGuenon,Rene.
245 _aThe Crisis of the Modern World.
_cRene Guenon.
260 _aLahore.
_bSuhail Academy.
_c1999.
300 _a119p.
500 _aHardcover.
942 _aNBS
_cBK
_k306.09 GUE
999 _c348433
_d348433